Guess the name of the yellow character - Statistics

General Stats
  • This quiz has been taken 5 times
  • The average score is 5 of 16
Answer Stats
Picture Answer % Correct
Barbie
100%
Belle
80%
Bumblebee
80%
Yellow jacket
60%
Cedric diggory
40%
Cher
40%
Rose
40%
Apple Jack
20%
Andie
0%
Colonia
0%
George
0%
Honey
0%
Lily
0%
Marina
0%
Mia
0%
Tilda
0%
No matching quizzes found
Score Distribution
Percent of People with Each Score
Percentile by Number Answered
Your Score History
You have not taken this quiz